00178nam a22000857a 4500082001200000100001300012245003100025260002800056300000800084 a001 GAU aGaussian agaussian 09 10Ps Reference aUSAbGaussian,Incc2009 a159